Loading...

Magh Mein Vakrokti/

Bibliographic Details
Main Author: Jayprakash Narayan
Format: Printed Book
Published: Delhi: Vidhyanidhi Prakashan, 2006.
Subjects:
LEADER 00558nam a22001697a 4500
999 |c 144903  |d 144903 
020 |a 8186700706 
082 |a S100 7  |b JAY/M 
100 |a Jayprakash Narayan 
245 |a Magh Mein Vakrokti/  |c by Jayprakash Narayan 
260 |a Delhi:  |b Vidhyanidhi Prakashan,  |c 2006. 
300 |a 272p. 
650 |a Poetry Sanskrit Study 
650 |a Literature Sanskrit 
650 |a Literature 
942 |c BK 
952 |0 0  |1 0  |4 0  |6 S_100_700000000000000_JAY_M  |7 0  |9 103007  |a SSUS  |b SSUS  |c STACKS  |d 2020-07-10  |g 400.00  |o S100 7 JAY/M  |p 059496  |r 2020-07-10  |w 2020-07-10  |y BK